000 00464nam a2200169 i 4500
001 102552
003 ES-MaACL
005 20230906183132.0
007 t|
008 051117s1971 sp ||||1| spa d
100 1 _aMerino, Joaquín.
_980518
245 1 0 _aLondres para turistas ricos /
_cJoaquín Merino.
250 _a[1ª ed.].
260 _aBarcelona :
_bE. M.,
_c1971.
300 _a253 p., 8 lám. col. ;
_c21 cm.
852 _aES-MaACL
_jC-42396
_bR.78358
999 _c102552
_d102552